Statistics for Top 15 African Countries By GDP

Click here to take the quiz!

General Stats

  • This quiz has been taken 12 times
  • The average score is 10 of 15

Answer Stats

RankAnswer% Correct
1.Nigeria
92%
7.Kenya
75%
2.South Africa
75%
4.Algeria
67%
3.Egypt
67%
8.Ethiopia
67%
12.Ivory Coast
67%
11.Libya
67%
5.Morocco
67%
13.R.C. Congo
67%
10.Tanzania
67%
14.Tunisia
67%
15.Cameroon
58%
9.Ghana
58%
6.Angola
50%

Score Distribution

Percentile by Number Answered

Percent of People with Each Score

Your Score History

You have not taken this quiz